1475 1540 1144 1739 1677 1498 1497 1408 1834 1620 1067 1560 1851 1849 1619 1189 1435 1827 1724 1610 1653 1943 1094 1336 1817 1668 1514 1163 1745 1215 1275 1458 1132 1290 1849 1257 1007 1652 1551 1030 1944 1251 1927 1822 1427 1034 1440 1413 1777 1429 1604 1127 1887 1713 1768 1806 1441 1169 1473 1038 1027 1603 1566 1039 1721 1968 1156 1935 1875 1481 1391 1354 1344 1200 1513 1717 1312 1007 1336 1219 1516 1380 1281 1715 1963 1798 1483 1185 1674 1643 1624 1727 1679 1813 1782 1070 1218 1971 1766 BCNSPRNW ULIB Ver.6.0+V

เปลี่ยนเป็นภาษาไทย

Change to English
 แสดงรายละเอียดบรรณานุกรม
  กลับหน้าหลัก

Brief Record : Get Marc (ISO 2709) : E-mail record : QR code < ปิดหน้าต่าง
LEADER : 00000nam 2200000uu 4500
001    13399125174
003     ULIB
008    161028s2557||||th 000 0 tha d
020    ^a9786162793882
050  4 ^aW50^bส971อ
100 0  ^aรองศาสตราจารย์ ดร.โสภนา ศรีจำปา
245 00 ^aอายุรเวท:ภูมิปัญญาโบราณในยุคโลกาภิวัฒน์=^bAyurveda ancient Heritage in the age of Globalisation /^cรองศาสตราจารย์ ดร.โสภนา ศรีจำปา
260    ^aนนทบุรี :^bห้างหุ้นส่วนจำกัดนิติธรรมการพิมพ์,^c2557
300    ^a182 หน้า
650  7 ^aอายุรเวท^xภูมิปัญญาโบราณในยุคโลกาภิวัฒน์
710 1  ^aศูนย์การศึกษา สถาบันวิจัยภาษาและวัฒนธรรมเอเชียมหาวิทยาลัยมหิดล.^bกรม Ayush กระทรวงสาธารณสุขและสวัสดิการครอบครัวแห่งรัฐบาลอินเดียและสถาบันเอกอัครราชฑูตอินเดียประจำประเทศไทย
945    ^p0^l0^i001449
945    ^p0^l0^i001467
999    ^aวรรณษา ชูชัยมงคล
รายการนี้ยังไม่มีแท็ก
คุณยังไม่ได้ล็อกอิน คุณสามารถมีกิจกรรมร่วมกับเว็บไซต์ได้ แต่ต้องล็อกอินก่อน ::
  ล็อกอิน

รายการสื่อสารสนเทศ

ลำดับที่ ประเภท เลขเรียก/บาร์โค้ด สถานที่ สถานะ
1. การศึกษาทั่วไป
การศึกษาทั่วไป
สถานะ=หนังสือเก่า
W50 ส971อ ฉ.1 
  Barcode: 001449
ห้องสมุดวิทยาเขตสวรรค์ประชารักษ์
►ส่วนจัดเก็บหนังสือเก่า สปร
บนชั้น
  ขอยืม
2. การศึกษาทั่วไป
การศึกษาทั่วไป
สถานะ=หนังสือเก่า
W50 ส971อ ฉ.2 
  Barcode: 001467
ห้องสมุดวิทยาเขตสวรรค์ประชารักษ์
►ส่วนจัดเก็บหนังสือเก่า สปร
บนชั้น
  ขอยืม

BibComment


ยังไม่เคยถูกคอมเมนท์

คอมเมนท์ทรัพยากรรายการนี้
  คอมเมนท์: อายุรเวทภูมิปัญญ..


 Copyright 2026. Bcnsprnw @Library